| 000 | 00697nam a2200241Ia 4500 | ||
|---|---|---|---|
| 003 | OSt | ||
| 005 | 20220918173547.0 | ||
| 006 | a|||||r|||| 00| 0 | ||
| 007 | ta | ||
| 008 | 220917b |||||||| |||| 00| 0 eng d | ||
| 024 | _a7,059 | ||
| 037 | _cTextual | ||
| 040 |
_aARTS _cARTS _beng |
||
| 041 |
_2eng _aeng |
||
| 082 | _a2:97, N5 (2D) | ||
| 100 |
_aMitchell Eleanor. _946397 |
||
| 245 | 0 |
_aDocument delivery services _b Issues and answers |
|
| 260 |
_aNew Jersey _bLearned Information _c1995 |
||
| 650 | _aLIBRARY SCIENCE | ||
| 700 |
_a Walters Sheila A. _946398 |
||
| 942 |
_h2:97, N5 (2D) _cTEXL _2CC |
||
| 999 |
_c149008 _d149008 |
||